000 00730nam a22002177a 4500
003 UA-OsUOA
001 85291
007 ta
008 20120622b un ||||| |||| 00| 0 ukr d
100 _aФирсов Э.
090 _a32
_bФ62
942 _cSA
040 _aUA-OsUOA
_brus
_cUA-OsUOA
_dUA-OsUOA
245 _aТрансформация системы международных отношений в Азиатско-Тихоокеанском регионе и проблемы политической идентичности
300 _aС.15-20
955 _a0
041 _arus
080 _a32
773 0 _w85288
_tМеждународная экономика
_dМ.
_d2012
_g5
650 7 _a32 Політика
_2UDC
999 _c371582
_d371582